000 nam a22 7a 4500
999 _c10911
_d10911
008 180308b ||||| |||| 00| 0 eng d
100 _aAgarwal,H.
_96721
245 _aAn Excursion on Insight
260 _aNew Delhi
_bLifi
_c2013